000
00296nam a22001337a 4500
008
170601b xxu||||| |||| 00| 0 eng d
020
_a
2900495097074
041
_a
eng
080
_a
93
100
_a
17
101
_a
SHH
245
_a
WHY NATIONS GO TO WAR
_c
STOESSINGER, J.G
942
_2
udc
_c
BK
999
_c
15457
_d
15457